<?xml version="1.0" encoding="UTF-8"?>
<record
    xmlns:xsi="http://www.w3.org/2001/XMLSchema-instance"
    xsi:schemaLocation="http://www.loc.gov/MARC21/slim http://www.loc.gov/standards/marcxml/schema/MARC21slim.xsd"
    xmlns="http://www.loc.gov/MARC21/slim">

  <leader>01587nab a22002897a 4500</leader>
  <datafield tag="999" ind1=" " ind2=" ">
    <subfield code="c">6529</subfield>
    <subfield code="d">6529</subfield>
  </datafield>
  <controlfield tag="003">OSt</controlfield>
  <controlfield tag="005">20260223094936.0</controlfield>
  <controlfield tag="008">190506c        xxu||||| |||| 00| 0 spa d</controlfield>
  <datafield tag="040" ind1=" " ind2=" ">
    <subfield code="c">PJ</subfield>
  </datafield>
  <datafield tag="100" ind1=" " ind2=" ">
    <subfield code="9">7130</subfield>
    <subfield code="a">Acosta Cardozo, Lorena Roc&#xED;o</subfield>
  </datafield>
  <datafield tag="245" ind1="1" ind2="0">
    <subfield code="a">Instancia previa, obligatoria y excluyente /</subfield>
    <subfield code="c">Lorena Roc&#xED;o Acosta Cardozo.</subfield>
  </datafield>
  <datafield tag="260" ind1=" " ind2=" ">
    <subfield code="a">Buenos Aires :</subfield>
    <subfield code="b">AbeledoPerrot,</subfield>
    <subfield code="c">2024.</subfield>
  </datafield>
  <datafield tag="300" ind1=" " ind2=" ">
    <subfield code="a">p. 17-22</subfield>
  </datafield>
  <datafield tag="500" ind1=" " ind2=" ">
    <subfield code="a">Cita: TR LALEY AR/DOC/48/2024.</subfield>
  </datafield>
  <datafield tag="505" ind1=" " ind2=" ">
    <subfield code="a">Sumario: I. Introducci&#xF3;n.&#x2014; II. Las comisiones m&#xE9;dicas tienen como funci&#xF3;n dictaminar.&#x2014; III. Contingencias cubiertas.&#x2014; IV. Contingencias excluidas.&#x2014; V. Constitucionalidad de la ley 27.348.&#x2014; VI. Problem&#xE1;tica actual del sistema de riesgos del trabajo.&#x2014; VII. M&#xE1;s prevenci&#xF3;n menor riesgo y litigiosidad.&#x2014; VIII. Ex&#xE1;menes m&#xE9;dicos.&#x2014; IX. Ex&#xE1;menes preocupacionales.&#x2014; X. Modernizaci&#xF3;n del derecho del trabajo.&#x2014; XI. Conclusi&#xF3;n.&#x2014; XII. Bibliograf&#xED;a.&#x2014; XIII. Art&#xED;culos.&#x2014; XIV. P&#xE1;ginas.</subfield>
  </datafield>
  <datafield tag="505" ind1=" " ind2=" ">
    <subfield code="t">&#xBF;Te interesa el texto completo? Comunicate al correo: koha@justierradelfuego.gov.ar</subfield>
  </datafield>
  <datafield tag="650" ind1=" " ind2="0">
    <subfield code="9">1316</subfield>
    <subfield code="a">DERECHO LABORAL</subfield>
  </datafield>
  <datafield tag="650" ind1=" " ind2="0">
    <subfield code="9">1430</subfield>
    <subfield code="a">RIESGOS DEL TRABAJO</subfield>
  </datafield>
  <datafield tag="650" ind1=" " ind2="0">
    <subfield code="9">4942</subfield>
    <subfield code="a">COMISIONES M&#xC9;DICAS</subfield>
  </datafield>
  <datafield tag="650" ind1=" " ind2="0">
    <subfield code="9">5144</subfield>
    <subfield code="a">ASEGURADOR POR RIESGOS DEL TRABAJO</subfield>
  </datafield>
  <datafield tag="650" ind1=" " ind2="0">
    <subfield code="9">1406</subfield>
    <subfield code="a">INCAPACIDAD LABORAL</subfield>
  </datafield>
  <datafield tag="650" ind1=" " ind2="0">
    <subfield code="9">1417</subfield>
    <subfield code="a">ACCIDENTES DE TRABAJO</subfield>
  </datafield>
  <datafield tag="650" ind1=" " ind2="0">
    <subfield code="9">1405</subfield>
    <subfield code="a">ENFERMEDAD PROFESIONAL</subfield>
  </datafield>
  <datafield tag="650" ind1=" " ind2="0">
    <subfield code="9">1482</subfield>
    <subfield code="a">LEY SOBRE RIESGOS DEL TRABAJO</subfield>
  </datafield>
  <datafield tag="773" ind1="0" ind2=" ">
    <subfield code="0">2751</subfield>
    <subfield code="9">3202</subfield>
    <subfield code="d">Buenos Aires : AbeledoPerrot,  2013-</subfield>
    <subfield code="t">Revista de derecho laboral y seguridad social. N&#xBA; 3 - Febrero 2024</subfield>
  </datafield>
  <datafield tag="942" ind1=" " ind2=" ">
    <subfield code="2">udc</subfield>
    <subfield code="c">ANA</subfield>
  </datafield>
</record>
